LEADER 03218nam 22006131 450 001 9910463178603321 005 20200520144314.0 010 $a1-59403-693-4 035 $a(CKB)2670000000413185 035 $a(EBL)1352347 035 $a(OCoLC)857800136 035 $a(SSID)ssj0000982881 035 $a(PQKBManifestationID)12420984 035 $a(PQKBTitleCode)TC0000982881 035 $a(PQKBWorkID)10987004 035 $a(PQKB)11474731 035 $a(MiAaPQ)EBC1352347 035 $a(Au-PeEL)EBL1352347 035 $a(CaPaEBR)ebr10767391 035 $a(CaONFJC)MIL574853 035 $a(EXLCZ)992670000000413185 100 $a20130212d2013 uy 0 101 0 $aeng 135 $aur|n|---||||| 181 $ctxt 182 $cc 183 $acr 200 10$aAbuse of discretion $ethe inside story of Roe v. Wade /$fClarke D. Forsythe 205 $aFirst American edition. 210 1$aNew York :$cEncounter Books,$d2013. 215 $a1 online resource (497 p.) 300 $a"New revelations from the justices' papers"--Jacket. 311 $a1-59403-692-6 320 $aIncludes bibliographical references (pages 447-468) and index. 327 $aThe road to Roe : inside the Supreme Court -- The road to Roe : taking abortion into the courts -- The red flags the justices ignored : the embarrassing arguments in the abortion cases -- The abrupt expansion to viability (and beyond) -- The medical myth that drove the outcome in Roe (and its continuing impact) -- The American experience the justices overlooked -- The public health vacuum the justices created -- Detrimental reliance : the international data on the risks to women -- The costs of schizophrenia -- The public is not "polarized" over abortion : what most Americans can agree on -- Has Roe solved the problems it was supposed to solve for women? -- What will happen on the day after Roe? 330 $aBased on 20 years of research, including an examination of the papers of eight of the nine Justices who voted in Roe v. Wade and Doe v. Bolton, Abuse of Discretion is a critical review of the behind-the-scenes deliberations that went into the Supreme Court's abortion decisions and how the mistakes made by the Justices in 1971-1973 have led to the turmoil we see today in legislation, politics, and public health. The first half of the book looks at the mistakes made by the Justices, based on the case files, the oral arguments, and the Justices' papers. The second half of the book critically ex 606 $aAbortion$xGovernment policy$zUnited States 606 $aAbortion$xLaw and legislation$zUnited States 606 $aPolitical questions and judicial power$zUnited States 606 $aTrials (Abortion)$zUnited States 608 $aElectronic books. 615 0$aAbortion$xGovernment policy 615 0$aAbortion$xLaw and legislation 615 0$aPolitical questions and judicial power 615 0$aTrials (Abortion) 676 $a342.7308/4 700 $aForsythe$b Clarke D.$f1958-$0901508 801 0$bMiAaPQ 801 1$bMiAaPQ 801 2$bMiAaPQ 906 $aBOOK 912 $a9910463178603321 996 $aAbuse of discretion$92014916 997 $aUNINA LEADER 03654nam 2200601 a 450 001 9910141648803321 005 20230803025534.0 010 $a1-118-32751-9 010 $a1-299-24161-1 010 $a1-118-32767-5 035 $a(CKB)2670000000336902 035 $a(EBL)1132829 035 $a(OCoLC)829459892 035 $a(SSID)ssj0000833155 035 $a(PQKBManifestationID)11483008 035 $a(PQKBTitleCode)TC0000833155 035 $a(PQKBWorkID)10935641 035 $a(PQKB)11585865 035 $a(MiAaPQ)EBC1132829 035 $a(Au-PeEL)EBL1132829 035 $a(CaPaEBR)ebr10667411 035 $a(CaONFJC)MIL455411 035 $a(EXLCZ)992670000000336902 100 $a20121102d2013 uy 0 101 0 $aeng 135 $aurcn||||||||| 181 $ctxt 182 $cc 183 $acr 200 00$aEssential guide to blood coagulation$b[electronic resource] /$fedited by Jovan P. Antovic, Margareta Blomba?ck 205 $a2nd ed. 210 $aChichester [England] $cWiley-Blackwell$d2013 215 $a1 online resource (218 p.) 300 $aDescription based upon print version of record. 311 $a1-118-28879-3 320 $aIncludes bibliographical references and index. 327 $aSchematic presentation of the hemostatic system / Nils Egberg -- Proposals for sampling instructions / Margareta Blomba?ck and Nils Egberg -- Laboratory investigations / Jovan P. Antovic, Liselotte Onelo?v, and Nils Egberg -- Hereditary bleeding disorders / Margareta Holmstro?m and Lars-Go?ran Lundberg -- Critical bleeding / Maria Bruzelius, Anna A?gren, and Hans Johnsson -- Investigation of increased bleeding tendency / Margareta Holmstro?m and Lars Go?ran Lundberg -- Venous thrombosis and pulmonary embolism / Anders Carlsson -- Investigations of thromboembolic tendency / Margareta Holmstro?m -- Heart disease / Ha?kan Wallen and Rickard Linder -- Antiplatelet drug therapy and reversal of its effects / Ha?kan Wallen, Hans Johnsson, and Bo-Michael Bellander -- New oral anticoagulants : focus on currently approved oral factor Xa and thombin inhibitors / Rickard E. Malmstro?m and Hans Johnsson -- Stroke and transient ischemic attack / Nils Wahlgren and Mia von Euler -- Peripheral artery surgery / Jesper Swedenborg -- Hemostasis in obstetrics and gynecology / Katarina Bremme -- Hemostasis in children / Susanna Ranta and Pia Petrini -- Emergency conditions associated with coagulation : DIC, HIT, and TTP/HUS / Jovan P. Antovic and Margareta Holmstro?m. 330 $aThrombotic and bleeding disorders affect at least 10 million people in the US alone. There has also been a great deal of concern over travel-related deep vein thrombosis and therefore much more interest and research into the field of blood clotting. This new and concise practical guide will cover all the essentials one needs to know when managing thrombotic and bleeding disorders. The field of haematology is undergoing major advances in thrombosis research, including significant additions to recommended treatment protocols. The Essential Guide to Coagulation will distil the most clinically, 606 $aCoagulació sanguínia$2thub 606 $aBlood$xCoagulation 608 $aLlibres electrònics$2thub 615 7$aCoagulació sanguínia 615 0$aBlood$xCoagulation. 676 $a616.1/57 701 $aAntovic$b Jovan P$0869462 701 $aBlomba?ck$b Margareta$0869463 801 0$bMiAaPQ 801 1$bMiAaPQ 801 2$bMiAaPQ 906 $aBOOK 912 $a9910141648803321 996 $aEssential guide to blood coagulation$91941225 997 $aUNINA